000 01123nam a2200289 c 4500
999 _c60104
_d60104
003 BLK
005 20220628104206.0
008 180408b bul|||||r ||||||| ||bul||
010 _aKNG00064237000
040 _aBLK
041 _aBUL
_cBUL
080 _aТехника. Технически науки
_b62
_x(083.57)
_z62(083.57)
100 1 _aНеделчев, Любен А.
_eпърви автор
_9369887
139 _aНеделчев, Любен А. и др.
_bН 44
245 1 0 _aНякои основни физико-технически формули, представени чрез номограми
_cЛюбен А. Неделчев, Таньо Д. Танев; науч. ред. Иванка Панайотова.
257 _aBGR
260 _aСофия
_bТехника
_c1971
300 _a192 с.
_c22 см
380 _a62
500 _aНа кор. авт. Таньо Д. Танев означен Таньо Донев 3 585 тир
650 0 _9475785
_aНомография и номограми
653 0 _9442102
_aномограми
700 1 _aТанев, Таньо Д.
_eсъавт.
_9289615
700 1 _aПанайотова, Иванка
_eнауч. ред.
_9288959
852 _aЦб 59474
_bЦб
856 4 _qpdf
856 4 _qpdf
942 _cKNG
_n0
_s1
944 _aCR
_c13.06.2004
_kЧиталня
944 _aED
_c13.01.2015
944 _aED
_c2022-06-28
999 _d60104